Hamāre sādhaka, hamārī siddhiyām̐. (Record no. 80635)

MARC details
000 -LEADER
fixed length control field 00567cam a22002291 4500
001 - CONTROL NUMBER
control field sa 68005294
003 - CONTROL NUMBER IDENTIFIER
control field DLC
005 - DATE AND TIME OF LATEST TRANSACTION
control field 20260227112507.0
008 - FIXED-LENGTH DATA ELEMENTS--GENERAL INFORMATION
fixed length control field 901108s1966 ii 000 0 hino
010 ## - LIBRARY OF CONGRESS CONTROL NUMBER
LC control number sa 68005294
035 ## - SYSTEM CONTROL NUMBER
System control number (OCoLC)22651846
040 ## - CATALOGING SOURCE
Original cataloging agency DLC
Transcribing agency WaU
Modifying agency DLC
042 ## - AUTHENTICATION CODE
Authentication code premarc
043 ## - GEOGRAPHIC AREA CODE
Geographic area code a-ii---
050 00 - LIBRARY OF CONGRESS CALL NUMBER
Classification number DS347
Item number .S55
100 1# - MAIN ENTRY--PERSONAL NAME
Personal name Shukla, Amar Nath,
Dates associated with a name 1928-
245 10 - TITLE STATEMENT
Title Hamāre sādhaka, hamārī siddhiyām̐.
260 ## - PUBLICATION, DISTRIBUTION, ETC.
Date of publication, distribution, etc. [1966]
300 ## - PHYSICAL DESCRIPTION
Extent 127 p.
Dimensions 18 cm.
500 ## - GENERAL NOTE
General note In Hindi.
651 #0 - SUBJECT ADDED ENTRY--GEOGRAPHIC NAME
Geographic name India
General subdivision History
Form subdivision Anecdotes.

No items available.

Powered by Koha